000 00703nam a2200205 i 4500
001 47437
003 ES-MaACL
007 t|
008 030425s1956 sp ||||1| spa d
080 _a347.421
100 1 _aBeltrán de Heredia y Castaño, J.
_927361
245 1 3 _aEl cumplimiento de las obligaciones /
_cJosé Beltrán de Heredia y Castaño.
260 _aMadrid :
_bRevista de Derecho Privado,
_c[1956]
300 _aXV, 526 p. ;
_c23 cm.
490 1 _aMonografías prácticas de derecho español ;
_v30
650 1 7 _aContratos
_2embne
_911326
830 0 0 _aMonografías prácticas de derecho español
_v30
_9181279
852 _aES-MaACL
_jC-9945
_bR.38251
999 _c47437
_d47437